[Event "GER-ch U16"]
[Site "Magdeburg"]
[Date "2014.06.13"]
[Round "8"]
[White "Scheinhuette, Jakob"]
[Black "Grunau, Christoph"]
[Result "0-1"]
[WhiteElo "1905"]
[BlackElo "2130"]
[PlyCount "28"]
[EventDate "2014.06.08"]
[EventType "swiss"]
[EventRounds "9"]
[EventCountry "GER"]
[SourceTitle "CBM 160 Extra"]
[Source "ChessBase"]
[SourceDate "2014.07.01"]
[SourceVersion "1"]
[SourceVersionDate "2014.07.01"]
[SourceQuality "1"]

1. e4 c5 2. Nf3 d6 3. Nc3 Nf6 4. e5 dxe5 5. Nxe5 Nbd7 6. Nc4 g6 7. d3 Bg7 8. g3 Nb6 9. Be3 Nfd5 10. Bd2 Nxc3 11. Bxc3 Bxc3+ 12. bxc3 Qd5 13. f3 Nxc4 14. dxc4 Qe5+ 0-1

[Event "GER-chT North U14"]
[Site "Magdeburg"]
[Date "2013.09.15"]
[Round "7.1"]
[White "Scheinhuette, Jakob"]
[Black "Gelman, Josef"]
[Result "1/2-1/2"]
[WhiteElo "1794"]
[BlackElo "1366"]
[PlyCount "47"]
[EventDate "2013.09.12"]
[EventType "team-swiss"]
[EventRounds "7"]
[EventCountry "GER"]
[SourceTitle "EXT 2014"]
[Source "ChessBase"]
[SourceDate "2013.11.20"]
[SourceVersion "1"]
[SourceVersionDate "2013.11.20"]
[SourceQuality "1"]
[WhiteTeam "Berlin Empor"]
[BlackTeam "Weisse Dame"]
[WhiteTeamCountry "GER"]
[BlackTeamCountry "GER"]

1. e4 c6 2. d4 d5 3. exd5 cxd5 4. Bd3 Nf6 5. Nf3 g6 6. 0-0 Bg7 7. Nbd2 Bf5 8. Bxf5 gxf5 9. Ne5 0-0 10. Ndf3 Nbd7 11. Re1 e6 12. Bf4 Ne4 13. Qc1 Kh8 14. Bh6 Nxe5 15. Bxg7+ Kxg7 16. Nxe5 Qg5 17. Qxg5+ Nxg5 18. f3 h6 19. Kf2 Rfc8 20. c3 Rc7 21. Re2 Kf6 22. Nd3 Nh7 23. Nf4 Nf8 24. Nd3 1/2-1/2

[Event "GER-chT North U14"]
[Site "Magdeburg"]
[Date "2013.09.13"]
[Round "4.1"]
[White "Scheinhuette, Jakob"]
[Black "Kretzschmar, Arnd"]
[Result "1-0"]
[WhiteElo "1794"]
[BlackElo "1795"]
[PlyCount "93"]
[EventDate "2013.09.12"]
[EventType "team-swiss"]
[EventRounds "7"]
[EventCountry "GER"]
[SourceTitle "EXT 2014"]
[Source "ChessBase"]
[SourceDate "2013.11.20"]
[SourceVersion "1"]
[SourceVersionDate "2013.11.20"]
[SourceQuality "1"]
[WhiteTeam "Berlin Empor"]
[BlackTeam "Halle"]
[WhiteTeamCountry "GER"]
[BlackTeamCountry "GER"]

1. e4 c5 2. Nf3 d6 3. c3 Nf6 4. h3 Nc6 5. Bd3 d5 6. exd5 Qxd5 7. Bc2 Bf5 8. Bxf5 Qxf5 9. 0-0 g6 10. d4 cxd4 11. cxd4 Bg7 12. Nc3 Nd5 13. Qb3 Nb6 14. Be3 Na5 15. Qb4 Nc6 16. Qc5 Qxc5 17. dxc5 Nd7 18. Nb5 0-0 19. Rab1 Nde5 20. Nxe5 Nxe5 21. Rfd1 a6 22. Nd4 Rfd8 23. Rbc1 Rac8 24. b4 Rd5 25. Kf1 Rcd8 26. Ke2 Kf8 27. Nb3 Rxd1 28. Rxd1 Rxd1 29. Kxd1 Nc6 30. Bd2 Ke8 31. Kc2 Nd4+ 32. Nxd4 Bxd4 33. f3 Kd7 34. Bc3 Bxc3 35. Kxc3 Kc6 36. Kc4 b6 37. cxb6 Kxb6 38. a4 e6 39. b5 axb5+ 40. axb5 f6 41. f4 h5 42. h4 Kb7 43. Kc5 Kc7 44. b6+ Kd7 45. b7 Kc7 46. b8Q+ Kxb8 47. Kd6 1-0

[Event "GER-ch U14"]
[Site "Oberhof"]
[Date "2013.05.21"]
[Round "5"]
[White "Scheinhuette, Jakob"]
[Black "Tiarks, Jann Christian"]
[Result "1/2-1/2"]
[WhiteElo "1722"]
[BlackElo "1535"]
[PlyCount "95"]
[EventDate "2013.05.19"]
[EventType "swiss"]
[EventRounds "9"]
[EventCountry "GER"]
[SourceTitle "CBM 154 Extra"]
[Source "ChessBase"]
[SourceDate "2013.06.25"]
[SourceVersion "2"]
[SourceVersionDate "2013.06.25"]
[SourceQuality "1"]

1. e4 e5 2. Nf3 Nc6 3. Bb5 a6 4. Ba4 Nf6 5. 0-0 Nxe4 6. d4 b5 7. Bb3 d5 8. dxe5 Be6 9. c3 Be7 10. Nbd2 Nc5 11. Bc2 Bg4 12. h3 Bh5 13. Re1 0-0 14. Nf1 Bg6 15. Ne3 Bxc2 16. Nxc2 Ne6 17. Ncd4 Ncxd4 18. Nxd4 Nxd4 19. cxd4 c6 20. Qg4 Qc8 21. Qg3 Qf5 22. Be3 Rac8 23. Rac1 a5 24. Re2 Rc7 25. Bh6 Qg6 26. Qxg6 hxg6 27. Bf4 c5 28. dxc5 Rxc5 29. Rd1 b4 30. b3 Rfc8 31. Kf1 Kf8 32. Red2 Rd8 33. Ke2 f6 34. Kf3 Kf7 35. Be3 Rb5 36. Bd4 Bc5 37. exf6 gxf6 38. g4 g5 39. Bxc5 Rxc5 40. Kg3 Rc3+ 41. Rd3 d4 42. f4 Rh8 43. fxg5 fxg5 44. Kg2 Rc2+ 45. R1d2 Rc3 46. Rxd4 Rcxh3 47. R4d3 Rh2+ 48. Kf3 1/2-1/2

[Event "GER-ch U14"]
[Site "Oberhof"]
[Date "2013.05.20"]
[Round "3"]
[White "Scheinhuette, Jakob"]
[Black "Pallas, Sebastian"]
[Result "0-1"]
[WhiteElo "1722"]
[BlackElo "1897"]
[PlyCount "130"]
[EventDate "2013.05.19"]
[EventType "swiss"]
[EventRounds "9"]
[EventCountry "GER"]
[SourceTitle "CBM 154 Extra"]
[Source "ChessBase"]
[SourceDate "2013.06.25"]
[SourceVersion "2"]
[SourceVersionDate "2013.06.25"]
[SourceQuality "1"]

1. e4 c5 2. Nf3 d6 3. c3 Nf6 4. Be2 Nc6 5. d4 cxd4 6. cxd4 Nxe4 7. d5 Qa5+ 8. Nc3 Nb8 9. 0-0 Nxc3 10. bxc3 Nd7 11. Rb1 a6 12. Be3 Nc5 13. Bd4 Qc7 14. Nd2 Bf5 15. Rb4 e5 16. dxe6 Bxe6 17. c4 0-0-0 18. Bf3 d5 19. Rb2 Bd6 20. g3 Be5 21. Bxe5 Qxe5 22. Rb1 dxc4 23. Qc1 Qd4 24. Qa3 Rd7 25. Rfd1 Nd3 26. Rf1 Qc5 27. Qc3 b5 28. Ne4 Qc7 29. a3 Ne5 30. Bg2 Rd3 31. Qb4 Rhd8 32. Nc5 Nc6 33. Bxc6 Qxc6 34. Nxd3 Rxd3 35. Qf8+ Rd8 36. Qxg7 Bh3 37. f3 Bxf1 38. Rxf1 Qd5 39. Qh6 Kb7 40. Kg2 c3 41. Rf2 a5 42. Qc1 b4 43. axb4 axb4 44. Qf4 Qd4 45. Qxf7+ Rd7 46. Qb3 Rc7 47. Qa4 Qc4 48. Ra2 c2 49. Qa8+ Kb6 50. Qb8+ Kc6 51. Qe8+ Kc5 52. Qe3+ Kd6 53. Qh6+ Kc5 54. Qe3+ Kc6 55. Qe8+ Kd6 56. Qd8+ Ke5 57. Ra5+ Rc5 58. Qh8+ Kd5 59. Qd8+ Kc6 60. Ra6+ Qxa6 61. Qe8+ Kb6 62. Qd8+ Kb5 63. Qd3+ Ka5 64. Qd8+ Ka4 65. Qe8+ Qc6 0-1

[Event "GER-chT U20"]
[Site "Osnabrueck"]
[Date "2012.12.30"]
[Round "7.6"]
[White "Koehler, Daniel"]
[Black "Scheinhuette, Jakob"]
[Result "1/2-1/2"]
[WhiteElo "1564"]
[BlackElo "1697"]
[PlyCount "72"]
[EventDate "2012.12.27"]
[EventType "team-swiss"]
[EventRounds "7"]
[EventCountry "GER"]
[SourceTitle "EXT 2014"]
[Source "ChessBase"]
[SourceDate "2013.11.20"]
[SourceVersion "1"]
[SourceVersionDate "2013.11.20"]
[SourceQuality "1"]
[WhiteTeam "Jena Schott"]
[BlackTeam "Berlin Empor"]
[WhiteTeamCountry "GER"]
[BlackTeamCountry "GER"]

1. e4 e6 2. d4 d5 3. exd5 exd5 4. Nf3 Bd6 5. c4 Nf6 6. Nc3 c6 7. Be2 0-0 8. 0-0 dxc4 9. Bxc4 h6 10. h3 Bf5 11. Re1 Nbd7 12. Bd2 Nb6 13. Bb3 Re8 14. Rxe8+ Qxe8 15. Nh4 Bh7 16. Qf3 Qd8 17. Nf5 Bf8 18. Be3 Nfd5 19. Qg4 Kh8 20. Ng3 Qf6 21. Nxd5 Nxd5 22. Bxd5 cxd5 23. Qd7 Bd6 24. Qxb7 Rb8 25. Qxd5 Bxg3 26. fxg3 Rxb2 27. Rf1 Qe7 28. Qe5 Qxe5 29. dxe5 Rxa2 30. Rxf7 Be4 31. Bf2 Re2 32. Rxa7 Bg6 33. Re7 Kg8 34. e6 Bf5 35. Re8+ Kh7 36. e7 Bg6 1/2-1/2

[Event "GER-chT Nord-Ost U20 U20 1112"]
[Site "Germany"]
[Date "2012.01.21"]
[Round "5.4"]
[White "Celmer, Ole"]
[Black "Scheinhuette, Jakob"]
[Result "1-0"]
[WhiteElo "1779"]
[BlackElo "1631"]
[PlyCount "55"]
[EventDate "2011.09.24"]
[EventType "team-tourn"]
[EventRounds "9"]
[EventCountry "GER"]
[SourceTitle "EXT 2015"]
[Source "ChessBase"]
[SourceDate "2014.11.20"]
[SourceVersion "1"]
[SourceVersionDate "2014.11.20"]
[SourceQuality "1"]

1. e4 e6 2. d4 d5 3. Nc3 Bb4 4. e5 Ne7 5. Qg4 c5 6. dxc5 Nbc6 7. Nf3 d4 8. a3 Qa5 9. Qxg7 Rg8 10. Qxh7 dxc3 11. b3 Bxc5 12. Ng5 Rf8 13. Bd3 Nxe5 14. Be4 Ng4 15. 0-0 Nf6 16. Qh4 Nxe4 17. Nxe4 Nd5 18. Bg5 Qc7 19. Rad1 Be7 20. Rfe1 Bxg5 21. Qxg5 f6 22. Qg6+ Kd8 23. Nxf6 Qf7 24. Nxd5 exd5 25. Qg5+ Kd7 26. Rxd5+ Kc6 27. Rc5+ Kd7 28. Rd1+ 1-0

[Event "GER-chT Nord-Ost U20 U20 1112"]
[Site "Germany"]
[Date "2011.09.24"]
[Round "1.4"]
[White "Scheinhuette, Jakob"]
[Black "Paul, Fabian"]
[Result "1-0"]
[WhiteElo "1631"]
[BlackElo "1453"]
[PlyCount "83"]
[EventDate "2011.09.24"]
[EventType "team-tourn"]
[EventRounds "9"]
[EventCountry "GER"]
[SourceTitle "EXT 2015"]
[Source "ChessBase"]
[SourceDate "2014.11.20"]
[SourceVersion "1"]
[SourceVersionDate "2014.11.20"]
[SourceQuality "1"]

1. e4 d6 2. d4 g6 3. f4 Bg7 4. Nf3 Nf6 5. Bd3 0-0 6. 0-0 Nc6 7. c3 Bg4 8. h3 Bc8 9. Be3 Re8 10. e5 Nd5 11. Bc1 e6 12. Qe2 a6 13. a4 b6 14. Na3 Bb7 15. Nc2 Qc8 16. Nce1 a5 17. Nh2 Ba6 18. Nef3 Bxd3 19. Qxd3 Qd7 20. Ng4 Qd8 21. Bd2 h5 22. Ngh2 Na7 23. g4 hxg4 24. hxg4 c5 25. g5 Nc6 26. Ng4 cxd4 27. cxd4 Rc8 28. Nf6+ Bxf6 29. gxf6 Nxf6 30. exf6 Qxf6 31. Rf2 Ne7 32. Ng5 Nd5 33. Ne4 Qf5 34. Qe2 Red8 35. Rg2 Nxf4 36. Bxf4 Qxf4 37. Rf1 Qh4 38. Rh2 Qe7 39. Nf6+ Kf8 40. Rh8+ Kg7 41. Rh7+ Kf8 42. Qh2 1-0

[Event "GER-ch U12"]
[Site "Oberhof"]
[Date "2011.06.16"]
[Round "8"]
[White "Denkert, Anna"]
[Black "Scheinhuette, Jakob"]
[Result "0-1"]
[WhiteElo "1173"]
[BlackElo "1587"]
[PlyCount "92"]
[EventDate "2011.06.11"]
[EventType "swiss"]
[EventRounds "11"]
[EventCountry "GER"]
[SourceTitle "CBM 142 Extra"]
[Source "ChessBase"]
[SourceDate "2011.06.27"]
[SourceVersion "1"]
[SourceVersionDate "2011.06.27"]
[SourceQuality "1"]

1. e4 e6 2. d4 d5 3. Nc3 Bb4 4. e5 Ne7 5. Nf3 c5 6. a3 Bxc3+ 7. bxc3 Nbc6 8. Bd2 Bd7 9. Be2 Nf5 10. Be3 0-0 11. 0-0 Rc8 12. Bd3 Kh8 13. Bxf5 exf5 14. Ng5 h6 15. Qh5 Be6 16. Nf3 Ne7 17. Bg5 Qd7 18. Qh4 Ng6 19. Qh5 cxd4 20. cxd4 Kg8 21. Be3 f4 22. Bd2 Bg4 23. e6 Qxe6 24. Ng5 Qd7 25. Qxg6 fxg6 26. h3 hxg5 27. hxg4 Rxc2 28. Bb4 Re8 29. Rad1 Ree2 30. Rde1 Qxg4 31. Rxe2 Rxe2 32. Bd6 f3 33. Bg3 fxg2 34. Kxg2 Qxd4 35. a4 Qe4+ 36. Kg1 Re1 37. Rxe1 Qxe1+ 38. Kg2 Qe4+ 39. Kg1 Kh7 40. a5 Kh6 41. Kh2 d4 42. a6 bxa6 43. Kh3 d3 44. Kh2 d2 45. f3 Qxf3 46. Be1 d1R 0-1

[Event "GER-ch U12"]
[Site "Oberhof"]
[Date "2011.06.14"]
[Round "5"]
[White "Scheinhuette, Jakob"]
[Black "Waechter, Nathalie"]
[Result "1-0"]
[WhiteElo "1587"]
[BlackElo "1707"]
[PlyCount "97"]
[EventDate "2011.06.11"]
[EventType "swiss"]
[EventRounds "11"]
[EventCountry "GER"]
[SourceTitle "CBM 142 Extra"]
[Source "ChessBase"]
[SourceDate "2011.06.27"]
[SourceVersion "1"]
[SourceVersionDate "2011.06.27"]
[SourceQuality "1"]

1. e4 e5 2. Nf3 Nc6 3. Bb5 a6 4. Ba4 Nf6 5. 0-0 b5 6. Bb3 Bc5 7. Re1 0-0 8. h3 d6 9. c3 Bb6 10. d3 Bb7 11. Nbd2 Ne7 12. Nf1 Nh5 13. Nxe5 dxe5 14. Qxh5 Qxd3 15. Qxe5 Ng6 16. Qg3 Bxe4 17. Be3 c5 18. Rad1 Rac8 19. Rxd3 Bxd3 20. Bxc5 Bxc5 21. Qxd3 Rcd8 22. Qe4 a5 23. Qc6 Be7 24. Qxb5 Ra8 25. Qf5 a4 26. Bc2 Bf6 27. Re3 Rfc8 28. Bxa4 Ne7 29. Qc2 Rab8 30. Bb3 Ng6 31. Nh2 Bg5 32. Re1 Rd8 33. Nf3 Bf6 34. Rd1 Rf8 35. Qf5 Ne7 36. Qh5 g6 37. Qg4 Bg7 38. Ng5 Nf5 39. Qc4 Nh6 40. Rd7 Rbc8 41. Qd5 Kh8 42. Nxf7+ Nxf7 43. Rxf7 Rxf7 44. Qxf7 Rf8 45. Qa7 h6 46. a4 Re8 47. a5 Be5 48. g3 Bf6 49. Qf7 1-0